000 01241cam a22003254a 4500
005 20260322212025.0
008 data
010 _a 2003016334
020 _a0842370420
020 _a9780842370424
040 _aDLC
_cDLC
_dDLC
042 _apcc
043 _an-us---
050 0 0 _aML420.S535
_bA3 2004
082 0 0 _aB
_aB
_222
092 _a782.3 S535 2004
100 1 _aShea, George Beverly,
_d1909-
245 1 0 _aHow sweet the sound /
_cGeorge Beverly Shea, Betty Free Swanberg & Jeffery McKenzie.
260 _aWheaton, Ill. :
_bTyndale House Publishers,
_cc2004.
300 _axiv, 282 p. :
_bill. ;
_c22 cm.
600 1 0 _aShea, George Beverly,
_d1909-
650 0 _aSingers
_zUnited States
_vBiography.
700 1 _aSwanberg, Betty Free.
700 1 _aMcKenzie, Jeffery.
856 4 1 _3Table of contents
_uhttp://www.loc.gov/catdir/toc/ecip046/2003016334.html
906 _a7
_bcbc
_corignew
_d1
_eecip
_f20
_gy-gencatlg
925 0 _aacquire
_b2 shelf copies
_xpolicy default
955 _dvl26 2003-07-23
_evl26 2003-07-23 to Dewey
_fvk05 2004-02-26 CIP ver. to BCCD
001 data
999 _c572
_d572